II российско-австралийская конференция "Актуальные проблемы оказания помощи детям с наследственной и врожденной патологией опорно-двигательного аппарата. Ортопедо-хирургические, неврологические и генетические подходы" (Запись № 1556585)

Подробности
000 -МАРКЕР
контрольное поле 03441nam0a2200385 4500
001 - ИДЕНТИФИКАТОР ЗАПИСИ
контрольное поле RU\NLR\bibl\270793
005 - ИДЕНТИФИКАТОР ВЕРСИИ
контрольное поле 20260407074601.0
021 ## - НОМЕР ГОСУДАРСТВЕННОЙ РЕГИСТРАЦИИ
Код страны Российская Федерация
Номер 2001-62258
Номер Листа государственной регистраци 3034
035 ## - ДРУГИЕ СИСТЕМНЫЕ НОМЕРА
Идентификатор записи (NLR Aleph) 000266336
100 ## - ДАННЫЕ ОБЩЕЙ ОБРАБОТКИ
Данные общей обработки 20020426d2001 |||y0rusy50 ca
101 0# - ЯЗЫК РЕСУРСА
Язык текста, звукозаписи и т.д. русский
-- английский
102 ## - СТРАНА ПУБЛИКАЦИИ ИЛИ ПРОИЗВОДСТВА
Страна публикации Российская Федерация
105 ## - ПОЛЕ КОДИРОВАННЫХ ДАННЫХ: ТЕКСТОВЫЕ МАТЕРИАЛЫ, МОНОГРАФИЧЕСКИЕ
Кодированные данные о монографическом текстовом документе a |||||||||
200 1# - ЗАГЛАВИЕ И СВЕДЕНИЯ ОБ ОТВЕТСТВЕННОСТИ
Основное заглавие II российско-австралийская конференция "Актуальные проблемы оказания помощи детям с наследственной и врожденной патологией опорно-двигательного аппарата. Ортопедо-хирургические, неврологические и генетические подходы"
Параллельное заглавие II russian-australian conference "Current problems of rendering assistance to children with a hereditary and inherent pathology of the locomotorium devices. Orthopaedo-sergical, neurological and genetic approaches"
Язык параллельного заглавия английский
210 ## - ПУБЛИКАЦИЯ, РАСПРОСТРАНЕНИЕ И ДР.
Место издания, распространения и т.д. М.
Имя издателя, распространителя и т. д. Б. и.
Дата издания, распространения и т.д. 2001-2002
215 ## - ФИЗИЧЕСКАЯ ХАРАКТЕРИСТИКА
Специфическое обозначение материала и объем 112 с.
Другие сведения о физической характеристике ил.
Размеры 21
300 ## - ОБЩИЕ ПРИМЕЧАНИЯ
Текст примечания В надзаг.: М-во здравоохранения Моск. обл., Моск. обл. дет. ортопедохирург. больница, Моск. обл. дет. психоневрол. больница, Госпиталь Милосерд. Богоматери, г. Брисбен, Австралия, Рос. межрегион. ассоц. "Надежда", Ком. "Надежда" Рус. общины, г. Брисбен, Австралия
300 ## - ОБЩИЕ ПРИМЕЧАНИЯ
Текст примечания Текст парал. : рус., англ.
320 ## - ПРИМЕЧАНИЯ О НАЛИЧИИ В ДОКУМЕНТЕ БИБЛИОГРАФИИ / УКАЗАТЕЛЯ
Текст примечания Библиогр. в конце докл.
510 1# - ПАРАЛЛЕЛЬНОЕ ЗАГЛАВИЕ
Связь между полями z01791
Параллельное заглавие II russian-australian conference "Current problems of rendering assistance to children with a hereditary and inherent pathology of the locomotorium devices. Orthopaedo-sergical, neurological and genetic approaches"
606 0# - НАИМЕНОВАНИЕ ТЕМЫ КАК ПРЕДМЕТ
Наименование темы Опорно-двигательный аппарат у детей
Формальный подзаголовок Съезды, совещания и т.п.
Тематический подзаголовок Болезни
-- Терапия
Системный номер авторитетной/нормативной записи 1766594
Идентификатор авторитетной/нормативной записи RU\NLR\auth\66792903
606 0# - НАИМЕНОВАНИЕ ТЕМЫ КАК ПРЕДМЕТ
Наименование темы Опорно-двигательный аппарат детей
Формальный подзаголовок Съезды, совещания и т.п.
Тематический подзаголовок Болезни
-- Терапия
Системный номер авторитетной/нормативной записи 2255033
Идентификатор авторитетной/нормативной записи RU\NLR\auth\661352415
610 0# - НЕКОНТРОЛИРУЕМЫЕ ПРЕДМЕТНЫЕ ТЕРМИНЫ
Предметный термин Опорно-двигательный аппарат детей - Болезни - Лечение
675 ## - УНИВЕРСАЛЬНАЯ ДЕСЯТИЧНАЯ КЛАССИФИКАЦИЯ (UDC/УДК)
Индекс 616.71-007-053.1-082(082)
Издание 3
Язык издания rus
686 ## - ИНДЕКСЫ ДРУГИХ КЛАССИФИКАЦИЙ
Индекс 76.29
Код системы
686 ## - ИНДЕКСЫ ДРУГИХ КЛАССИФИКАЦИЙ
Индекс 54.18
Код системы
686 ## - ИНДЕКСЫ ДРУГИХ КЛАССИФИКАЦИЙ
Индекс Р733.418-я431(0)
710 12 - НАИМЕНОВАНИЕ ОРГАНИЗАЦИИ - ПЕРВИЧНАЯ ОТВЕТСТВЕННОСТЬ
Начальный элемент ввода "Актуальные проблемы оказания помощи детям с наследственной и врожденной патологией опорно-двигательного аппарата. Ортопедо-хирургические, неврологические и генетические подходы", российско-австралийская конференция
Порядковый номер временной организации и / или порядковый номер ее части 2
Дата проведения временной организации 2001-2002
Место проведения временной организации Москва
Идентификатор авторитетной/нормативной записи RU\NLR\AUTH\8810038639
Системный номер авторитетной/нормативной записи 576150
791 12 - НАИМЕНОВАНИЕ ОРГАНИЗАЦИИ - АЛЬТЕРНАТИВНАЯ ФОРМА
Материалы, к которым относится поле eng
Начальный элемент ввода "Current problems of rendering assistance to children with a hereditary and inherent pathology of the locomototium devices. Orthopaedo-sergical, neurological and genetic approaches", russian-australian conference
Порядковый номер временной организации и / или порядковый номер ее части 2
Дата проведения временной организации 2001-2002
Место проведения временной организации Moscow
Графика поля Латинская
Идентификатор авторитетной/нормативной записи RU\NLR\auth\8810038640
Системный номер авторитетной/нормативной записи 576152
801 #0 - ИСТОЧНИК ЗАПИСИ
Страна Российская Федерация
Организация RKP
Дата составления 20020426
Правила каталогизации PSBO
801 #1 - ИСТОЧНИК ЗАПИСИ
Страна Российская Федерация
Организация RKP
Дата составления 20020426
801 #2 - ИСТОЧНИК ЗАПИСИ
Страна Российская Федерация
Организация NLR
Дата составления 20020828
Правила каталогизации rcr
942 ## - ДОПОЛНИТЕЛЬНЫЕ ЭЛЕМЕНТЫ ЗАПИСИ (АБИС)
Тип экземпляра АБИС Книга
980 ## - КОЛЛЕКЦИЯ
Название коллекции Национальная библиография
Экземпляры
Тип экземпляра Дата поступления Источник поступления Библиотека постоянного хранения Библиотека текущего хранения Место хранения Шифр хранения Штрих-код Статус экземпляра
Книга 03.06.2002 Обязательный экземпляр РНБ (Московский) РНБ (Московский) Русский книжный фонд: издания с 1957 года 2002-3/15966 277512  
Книга 03.06.2002 Обязательный экземпляр РНБ (Московский) РНБ (Московский) Русский книжный фонд: издания с 1957 года 2002-3/15966 277513